000 00716nam a2200289Ia 4500
005 20260324135636.0
008 008 260324s9999 xx 000 0 eng d
020 _a9781315821573
037 _aEBOOK
040 _aCRL
040 _beng
040 _cCRL
041 _2eng
041 _aeng
084 _qCRL
100 _aRobert L. Barker; Douglas M. Branson
_91201343
245 0 _aForensic Social Work
245 0 _bLegal Aspects of Professional Practice, Second Edition
260 _bTaylor and Francis
260 _c2000
365 _a
365 _b195
856 _uhttp://www.taylorfrancis.com/books/9781315821573
942 _cEBOOK
999 _c1802661
_d1802661